<?xml version="1.0" encoding="UTF-8"?>
<record
    xmlns:xsi="http://www.w3.org/2001/XMLSchema-instance"
    xsi:schemaLocation="http://www.loc.gov/MARC21/slim http://www.loc.gov/standards/marcxml/schema/MARC21slim.xsd"
    xmlns="http://www.loc.gov/MARC21/slim">

  <leader>02085nam a2200217Ia 4500</leader>
  <controlfield tag="001">b6614-47582 </controlfield>
  <controlfield tag="003">IT-MiCISF</controlfield>
  <controlfield tag="008">161014s9999||||xx |||||||||||||| ||und||</controlfield>
  <datafield tag="040" ind1=" " ind2=" ">
    <subfield code="a">IT-MiCISF</subfield>
    <subfield code="c">IT-MiCISF</subfield>
  </datafield>
  <datafield tag="041" ind1=" " ind2=" ">
    <subfield code="a">it</subfield>
  </datafield>
  <datafield tag="100" ind1=" " ind2=" ">
    <subfield code="a">Cesareo Vincenzo</subfield>
  </datafield>
  <datafield tag="245" ind1=" " ind2="0">
    <subfield code="a">Dieci anni di immigrazione in Lombardia</subfield>
    <subfield code="b">Rapporto 2009</subfield>
  </datafield>
  <datafield tag="250" ind1=" " ind2=" ">
    <subfield code="a">1a ed.</subfield>
  </datafield>
  <datafield tag="260" ind1=" " ind2=" ">
    <subfield code="a"> Milano</subfield>
    <subfield code="b">Fondazione ISMU</subfield>
    <subfield code="c">2010</subfield>
  </datafield>
  <datafield tag="300" ind1=" " ind2=" ">
    <subfield code="a">pp. 556</subfield>
  </datafield>
  <datafield tag="500" ind1=" " ind2=" ">
    <subfield code="a">in collaborazione con Osservatorio regionale per l'integrazione e la multietnicit&#xE0;, Regione Lombardia. Alliata di Villafranca V., Camilli G., Codini E., Bonetti P., Gioiosas M., Blangiardo G.C., Zanfrini L., Caria M.P., Mirabelli S.M., Besozzi E..... / societ&#xE0;-multiculturale, situazione-demografica, servizi-sociali, integrazione, legislazione, territorio, scuola, salute, famiglia-migranti, lavoro, abitazione, devianza, prostituzione, associazionismo / Per celebrare il decennale dell'Osservatorio regionale per l'integrazione e la multietnicit&#xE0; (ORIM), istituito dal Consiglio regionale lombardo, e con la collaborazione della Fondazione ISMU (Iniziative e studi sulla multietnicit&#xE0;), n&#xE9; stata pubblicata una serie di volumi che testimoniano le diverse attivit&#xE0; di indagine dell'Osservatorio. Il volume raccoglie i principali esiti della ricostruzione storica di dieci anni di immigrazione nella regione Lombardia, con una riflessione sui nodi e sui problemi emersi nonch&#xE9; sulle buone pratiche e possibili soluzioni volte allo sviluppo di politiche di intergrazione, realizzando - ove possibile - un confronto con altre realt&#xE0; europee. Nel dettaglio dei capitoli viene analizzata la legislazione regionale concernente gli immigrati, i diritti politici degli stranieri, la presenza nella scuola e nel lavoro, la famiglia ricongiunta e la salute, le condizioni abitative, il fenomeno criminalit&#xE0; e prostituzione, l'associazionismo degli immigrati e i progetti regionali e locali per l'integrazione degli stranieri.</subfield>
  </datafield>
  <datafield tag="650" ind1=" " ind2=" ">
    <subfield code="a"> Famiglia nella societ&#xE0; / societ&#xE0;</subfield>
    <subfield code="e">006</subfield>
  </datafield>
  <datafield tag="700" ind1=" " ind2=" ">
    <subfield code="a">AA.VV.</subfield>
  </datafield>
  <datafield tag="942" ind1=" " ind2=" ">
    <subfield code="c">BK</subfield>
  </datafield>
  <datafield tag="957" ind1=" " ind2=" ">
    <subfield code="7">1</subfield>
  </datafield>
  <datafield tag="999" ind1=" " ind2=" ">
    <subfield code="a">47582</subfield>
    <subfield code="b">si</subfield>
    <subfield code="g">1</subfield>
    <subfield code="c">210414</subfield>
    <subfield code="d">210414</subfield>
  </datafield>
  <datafield tag="952" ind1=" " ind2=" ">
    <subfield code="0">0</subfield>
    <subfield code="1">0</subfield>
    <subfield code="4">0</subfield>
    <subfield code="6">B_661447582</subfield>
    <subfield code="7">1</subfield>
    <subfield code="a">CISF</subfield>
    <subfield code="b">CISF</subfield>
    <subfield code="d">2016-10-14</subfield>
    <subfield code="l">0</subfield>
    <subfield code="o">b6614-47582 </subfield>
    <subfield code="r">2016-10-14 00:00:00</subfield>
    <subfield code="w">2016-10-14</subfield>
    <subfield code="y">BK</subfield>
    <subfield code="z">Data import 15.10.2016 / by Epidotti, Vaglietti</subfield>
  </datafield>
</record>
